01911nam a22003257a 450000500170000000800390001704000630005604100080011904100080012704100080013524500540014324600180019726000620021530000440027750003980032150801700071951102210088954600730111058600930118365000190127665000360129565000280133170000230135970000230138270000280140571000250143371000200145876500180147885600890149620140529132035.0130802s2006 xxu g 000 0lmul aCO-BoUCMcJose A. Gerena (modificó)dAldemar Mondragón aeng afre aspa00aDiamante de sangreh[DVD]cEdward Zwick, director23aBlood diamond a[Washington (Estados Unidos)]bWarner Bros picturesc2006 a1 DVD, 138 min.bimagen, sonido, color  aSinopsis: Historia sobre el tráfico ilegal de diamantes. En 1999, Sierra Leona vive una terrible guerra civil. Un contrabandista (DiCaprio) especializado en la venta de piedras preciosas, cuyos beneficios sirven para financiar tanto a los rebeldes como al gobierno, conoce a un pescador nativo (Djimon Hounsou) que enterró un enorme diamante cuando trabajaba como esclavo para los rebeldes aCréditos: Director Edward Zwick ; Guión Charles Leavitt (Historia: Charles Leavitt, C. Gaby Mitchell) ; Música James Newton Howard ; Fotografía Eduardo Serra aReparto: Leonardo DiCaprio, Jennifer Connelly, Djimon Hounsou, Arnold Vosloo, David Harewood, Caruso Kuypers, Michael Sheen, Basil Wallace, Ntare Mwine, Stephen Collins, Chris Petoyan (AKA Chris Astoyan), Jimi Mistry aAudio en inglés y francés. Subtítulos en inglés y español. a5 nominaciones al premio de la academia, incluyendo mejor actor y mejor actor de reparto 7aDiamantesvDVD 7aIndustria minerazÁfricavDVD 7aMinas de diamantesvDVD1 aConnelly, Jennifer1 aDiCaprio, Dicaprio1 aZwick, Edwardedirector2 aWarner Bros pictures2 aVirtual studios tBlood Diamond04uhttps://www.youtube.com/watch?v=jNGuY0o7I4QzSiga este vínculo para ver el trailer